Statistics for Minecraft Updates

Click here to take the quiz!

General Stats

  • This quiz has been taken 95 times
  • The average score is 25 of 40

Answer Stats

Updates% Correct
1.1
100%
1.2
100%
1.3
100%
1.4
99%
1.5
99%
1.6
99%
1.7
99%
1.8
99%
1.9
99%
1.10
98%
1.11
98%
1.12
98%
1.13
96%
1.14
96%
1.15
96%
1.16
96%
1.0
89%
Beta 1.7
47%
Beta 1.8
47%
Beta 1.6
46%
Beta 1.1
44%
Beta 1.2
44%
Beta 1.3
43%
Beta 1.4
43%
Beta 1.5
43%
Beta 1.9
42%
Indev
40%
Alpha 1.1
38%
Beta 1.0
37%
Beta 1.7.3
37%
Alpha 1.2
36%
Beta 1.8.1
36%
Alpha 1.0
35%
Infdev
35%
Beta 1.6.4
32%
Classic
27%
Pre Classic
23%
Indev 0.31
19%
Survival Test
14%
Beta 1.8 Pre-Realese
2%

Score Distribution

Percentile by Number Answered

Percent of People with Each Score

Your Score History

You have not taken this quiz